000 01209cam a22003254a 4500
999 _c50511
_d50511
001 14590775
005 20200221173232.0
008 061011s2008 nyua 001 0 eng
010 _a 2006936450
020 _a9780716768876
020 _a0716768879
040 _aDLC
_cDLC
_dDLC
041 _aeng
050 0 0 _aQH430
_b.I62 2008
080 _a579.2 I-69
082 0 0 _a576.5
_222
245 0 0 _aIntroduction to genetic analysis /
_cAnthony J.F. Griffiths ... [et al.].
250 _a9th ed.
260 _aNew York :
_bW.H. Freeman and Co.,
_cc2008.
300 _axxiii, 838 p. :
_bill. (some col.) ;
_c28 cm.
650 0 _aGenetics.
_97355
653 _aგენეტიკა
700 1 _aGriffiths, Anthony J. F.
_97356
856 4 1 _3Table of contents only
_uhttp://www.loc.gov/catdir/toc/fy0713/2006936450.html
856 4 2 _3Contributor biographical information
_uhttp://www.loc.gov/catdir/enhancements/fy0917/2006936450-b.html
856 4 2 _3Publisher description
_uhttp://www.loc.gov/catdir/enhancements/fy0917/2006936450-d.html
906 _a7
_bcbc
_corignew
_d2
_eepcn
_f20
_gy-gencatlg
942 _2udc
_cBK
955 _apc27 2006-10-11
_ajb00 2007-05-09
_ijb01 2007-06-26
_aaa07 2007-06-28